谢安还是苻坚?(成语典故选择题) - Statistics

General Stats
  • This quiz has been taken 135 times
  • The average score is 8 of 12
Answer Stats
Hint Answer % Correct
草木皆兵 苻坚
92%
玉树满庭 谢安
87%
投鞭断流 苻坚
84%
风声鹤唳 苻坚
82%
东山再起 谢安
72%
垂缰之义 苻坚
69%
屐齿之折 谢安
64%
哀感中年 谢安
63%
八公草木 苻坚
61%
一往情深 谢安
60%
屋下架屋 谢安
53%
一见倾心 苻坚
19%
No matching quizzes found
Score Distribution
Percent of People with Each Score
Percentile by Number Answered
Your Score History
You have not taken this quiz